Datum a čas kvízu
24
Celkem bodů
Celkový počet nahraných bodů na tomto kvízu bez doplňovacích otázek.
5.
Pořadí na kvízu
Konečné umístění týmu na tomto kvízu.
Zaznamenané odpovědi
| # | Otázka | Odpověď | Body | Výsledky |
|---|---|---|---|---|
| 1. | V sobotu začal na pražském Výs... | Matějská pouť | 1 | |
| 2. | V úterý se v metropoli jedné b... | v Rijádu | 0 | |
| 3. | Minulý týden jsme se dozvěděli... | Post Malone | 1 | |
| 4. | Vedení sítě provozoven rychléh... | Kentucky | 1 | |
| 5. | V české fotbalové reprezentaci... | Buffon | 0 | |
| 6. | Nyní se od aktualit přesuneme... | 1B 2A 3C 4D | 0 | |
| 7. | Uveďte odborný název pro skupi... | ichtyosauři | 1 | |
| 8. | Přibližně takto mohl vypadat j... | o velociraptora | 0 | |
| 9. | Americký spisovatel a scenáris... | Michael Crichton | 0 | |
| 10. | Na fotce vidíme rekonstrukci l... | Lucy | 0 |